000 00404nam a22001337a 4500
005 20251108175501.0
008 250721s9999 xx 000 0 ara d
082 1 4 _a814/جوي
100 1 _aفاروق, جويدة
245 1 0 _aبلاد السحر و الخيال /
264 1 _aالقاهرة :
_bدار غريب للطباعة والنشر والتوزيع،
942 _2ddc
_cBK
999 _c135191
_d135191